White 2115 - 18 (Odgadnij cały tekst) - Statystyki

Ogólne statystyki
  • Ten quiz został rozwiązany 588 razy
    584 od ostatniego zresetowania
  • Średni wynik to 165 z 259
Statystyki odpowiedzi
Odpowiedź % Poprawnych
z
99%
o
97%
w
96%
mam
94%
Mam
94%
osiemnaście
92%
Osiemnaście
92%
Znów
92%
znów
92%
k
90%
No
89%
no
89%
ja
88%
Ja
88%
się
88%
Się
88%
i
84%
I
84%
na
84%
jak
83%
mi
82%
czas
79%
nie
79%
tak
78%
ten
77%
za
77%
a
76%
A
76%
że
74%
ze
74%
kiedy
73%
je
72%
lat
72%
Nawet
72%
nawet
72%
minął
71%
wiem
71%
do
70%
flaszkę
70%
Otwórz
69%
Sorry
68%
szkołą
68%
parku
67%
se
67%
skate
67%
wyszło
67%
wtedy
66%
Od
65%
długo
64%
lecz
64%
zbierałem
64%
zera
64%
Fred
63%
hej
63%
setki
63%
by
62%
Ej
62%
bo
61%
czuję
61%
Czuję
61%
dwa
61%
znowu
61%
to
60%
59%
bajki
58%
mną
58%
Przez
58%
ci
57%
oglądałem
57%
co
56%
dziś
56%
jakby
56%
mnie
56%
teraz
56%
Teraz
56%
lata
55%
miał
55%
być
54%
dzieciakiem
54%
tym
54%
żyję
54%
żyje
54%
było
53%
jakbym
53%
kurwa
53%
powie
53%
randkę
53%
gość
52%
ktoś
52%
mówi
52%
Sentymentalny
52%
chciałem
51%
obchodziło
51%
coś
50%
we
50%
więc
50%
zawstydzony
50%
ale
49%
bardzo
49%
cię
49%
jest
49%
małym
49%
palił
49%
samo
49%
błąd
48%
chcę
48%
jeszcze
48%
konsoli
48%
mała
48%
powiem
48%
cudzysłów
47%
czasem
47%
diamentami
47%
dobra
47%
łańcuch
47%
urodziny
47%
ważne
47%
wszyscy
47%
gimbus
46%
grał
46%
moje
46%
skaczą
46%
tańcz
46%
brał
45%
wielu
45%
ziomem
45%
26
44%
nic
44%
Potem
44%
wart
44%
bawić
43%
dojedzie
43%
dwadzieścia
43%
dzisiaj
43%
nade
43%
perłą
43%
pierdolę
43%
sześć
43%
więcej
43%
żartowałem
43%
zawsze
43%
daję
42%
chcemy
41%
jej
41%
moja
41%
pamiętać
41%
wina
41%
akcje
40%
będę
40%
który
40%
ręku
40%
wiecznie
40%
dorastamy
39%
kminił
39%
takie
39%
zwariowałeś
39%
dziecko
38%
nieważne
38%
przeżyć
38%
robił
38%
uważa
38%
ganję
37%
pomimo
37%
tamten
35%
Alzheimer
32%
Flintstone
29%
Avril
25%
Lavigne
22%
Nie znaleziono quizów pasujących do podanych kryteriów
Rozkład punktacji
Procent ludzi z każdym wynikiem
Percentyl według liczby udzielonych odpowiedzi
Twoja historia wyników
Nie rozwiązałeś tego quizu od ostatniego zresetowania